John, Jesus, and history. (Registro nro. 26206)

Detalles MARC
000 -LEADER
campo de control de longitud fija 04537cam a22005774i 4500
003 - IDENTIFICADOR DE NÚMERO DE CONTROL
campo de control PE-LiUPU
005 - FECHA Y HORA DE LA ÚLTIMA TRANSACCIÓN
campo de control 20250731173038.0
008 - DATOS DE LONGITUD FIJA--INFORMACIÓN GENERAL
campo de control de longitud fija 160709s2016 gau r 000 0 eng d
020 ## - NÚMERO INTERNACIONAL ESTÁNDAR DEL LIBRO
Número Internacional Estándar del Libro 0884140830
020 ## - NÚMERO INTERNACIONAL ESTÁNDAR DEL LIBRO
Número Internacional Estándar del Libro 9780884140832
020 ## - NÚMERO INTERNACIONAL ESTÁNDAR DEL LIBRO
ISBN cancelado o inválido 0884140822
020 ## - NÚMERO INTERNACIONAL ESTÁNDAR DEL LIBRO
ISBN cancelado o inválido 9780884140825
035 ## - NÚMERO DE CONTROL DEL SISTEMA
Número de control de sistema (Sirsi) i9780884140832
035 ## - NÚMERO DE CONTROL DEL SISTEMA
Número de control de sistema (OCoLC)953380545
Número de control cancelado/no válido (OCoLC)953131178
-- (OCoLC)960275427
040 ## - FUENTE DE CATALOGACIÓN
Centro catalogador/agencia de origen EBLCP
Lengua de catalogación eng
Normas de descripción pn
Centro/agencia transcriptor EBLCP
Centro/agencia modificador OCLCO
-- YDXCP
-- OCLCQ
-- LNT
-- IDB
-- OCLCO
-- OCLCF
-- YDX
-- VLB
-- KAT
-- IYU
-- IOG
-- OCLCA
-- PE-LiUPU
Normas de descripción rda
049 ## - FONDOS LOCALES (OCLC)
Biblioteca depositaria PRUA
050 #4 - SIGNATURA TOPOGRÁFICA DE LA BIBLIOTECA DEL CONGRESO
Número de clasificación BS2615.2
Número de ítem .J646 2016eb
082 04 - NÚMERO DE LA CLASIFICACIÓN DECIMAL DEWEY
Número de clasificación 226.5067
Cutter J6
Número de edición 23
245 00 - MENCIÓN DEL TÍTULO
Título John, Jesus, and history.
Número de parte o sección de la obra Volume 3,
Nombre de parte o sección de la obra Glimpses of Jesus through the Johannine lens /
Mención de responsabilidad, etc. edited by Paul N. Anderson, Felix Just, S.J., and Tom Thatcher.
246 10 - FORMA VARIANTE DEL TITULO
Título propio/Titulo breve Glimpses of Jesus through the Johannine lens
264 ## - PRODUCCIÓN, PUBLICACIÓN, DISTRIBUCIÓN, FABRICACIÓN Y COPYRIGHT
Producción, publicación, distribución, fabricación y copyright Atlanta :
Nombre del de productor, editor, distribuidor, fabricante SBL Press,
Fecha de producción, publicación, distribución, fabricación o copyright 2016.
300 ## - DESCRIPCIÓN FÍSICA
Extensión xxiii, 636 páginas ;
Dimensiones 23 centímetros.
336 ## - TIPO DE CONTENIDO
Término de tipo de contenido text
Fuente rdacontent
337 ## - TIPO DE MEDIO
Nombre/término del tipo de medio unmediated
Fuente rdamedia
338 ## - TIPO DE SOPORTE
Nombre/término del tipo de soporte volume
Fuente rdacarrier
490 1# - MENCIÓN DE SERIE
Mención de serie Early Christianity and Its Literature ;
Designación de volumen o secuencia 18
505 0# - NOTA DE CONTENIDO CON FORMATO
Nota de contenido con formato Introduction and overview -- The last days of Jesus in John: An introduction to the issues -- History and theology in the Johannine presentation of the causes for the death of Jesus : John 11:45-53 as convergence point -- Jesus and Pilate: Memories in John's Gospel? -- "What is truth?": Pilate's perspective on Jesus in John 18:33-38 -- The hour of the lamb? Some remarks on John 19: 14 and the hour of Jesus's condemnation and/or crucifixion -- Story, plot, and history in the Johannine passion narrative -- Points and stars: John and the synoptics -- Traces of Jesus in a pre-Johannine passion narrative -- The passion of Jesus and the gospel of John: Progress and prospects -- Glimpses of the works of Jesus through the Johannine lens -- The works of Jesus in John: An introduction to the issues -- Who were the first disciples of Jesus? An assessment of the historicity of the Johannine call narrative (John 1:35-51) -- The perspective of a Jewish priest on the Johannine timing of the action in the temple -- Jesus in relation to John "the testifier" and not "the baptizer": The fourth gospel's portrayal of John the Baptist and its historical possibilities -- The signs in the gospel of John -- The geopolitics of water and John 4:1-42 -- Siloam, Bethesda, and the Johannine water motif -- John, Jesus, and virtuoso religion -- The last days of Jesus in John and the synoptics: The evidence from astronomy and chronology -- Response to the essays in part 2 -- Glimpses of the words of Jesus through the Johannine lens -- The message of Jesus in John: An introduction to the issues -- The aphorisms of Jesus in the fourth gospel: A look at John 4:35 -- Jesus sayings in the Johannine discourses: A proposal -- Johannine dominical sayings as metatexts of synoptic sayings of Jesus: Reflections on a new category within reception history -- Semitic language and syntax within the speech of the Johannine Jesus -- Observations on God's agent and agency in John 5-9: Tradition, exposition, and glimpses into history -- From the "Kingdom of God" to "eternal life": The transformation of theological language in the fourth gospel -- The Johannine son of man and the historical Jesus: John 9:35 as a test case -- What happened to "good news for the poor" in the Johannine tradition? -- Some reflections on the historicity of the words "laying down your life for your friends" in John 15:13 -- John and the historical Jesus: A response.
526 ## - NOTA DE INFORMACIÓN SOBRE EL PROGRAMA DE ESTUDIO
Nombre del programa Segunda Especialidad En Profecías Bíblicas
526 ## - NOTA DE INFORMACIÓN SOBRE EL PROGRAMA DE ESTUDIO
Nombre del programa Segunda Especialidad En Nuevo Testamento
526 ## - NOTA DE INFORMACIÓN SOBRE EL PROGRAMA DE ESTUDIO
Nombre del programa Segunda Especialidad En Antiguo Testamento
526 ## - NOTA DE INFORMACIÓN SOBRE EL PROGRAMA DE ESTUDIO
Nombre del programa Segunda Especialidad En Estudios Adventistas
526 ## - NOTA DE INFORMACIÓN SOBRE EL PROGRAMA DE ESTUDIO
Nombre del programa Doctorado en teología
526 ## - NOTA DE INFORMACIÓN SOBRE EL PROGRAMA DE ESTUDIO
Nombre del programa Maestría en teología histórica
526 ## - NOTA DE INFORMACIÓN SOBRE EL PROGRAMA DE ESTUDIO
Nombre del programa Maestría en teología bíblica
526 ## - NOTA DE INFORMACIÓN SOBRE EL PROGRAMA DE ESTUDIO
Nombre del programa Maestría en teología
526 ## - NOTA DE INFORMACIÓN SOBRE EL PROGRAMA DE ESTUDIO
Nombre del programa Maestría en misionología
526 ## - NOTA DE INFORMACIÓN SOBRE EL PROGRAMA DE ESTUDIO
Nombre del programa Maestría en liderazgo eclesiástico
526 ## - NOTA DE INFORMACIÓN SOBRE EL PROGRAMA DE ESTUDIO
Nombre del programa Teología
596 ## -
-- 1
650 #4 - PUNTO DE ACCESO ADICIONAL DE MATERIA--TÉRMINO DE MATERIA
Término de materia o nombre geográfico como elemento de entrada Historia de eventos bíblicos.
650 #4 - PUNTO DE ACCESO ADICIONAL DE MATERIA--TÉRMINO DE MATERIA
Término de materia o nombre geográfico como elemento de entrada History of Biblical events.
700 1# - ENTRADA AGREGADA--NOMBRE PERSONAL
Nombre de persona Anderson, Paul N.,
Fechas asociadas al nombre 1956-
Término indicativo de función/relación editor.
700 1# - ENTRADA AGREGADA--NOMBRE PERSONAL
Nombre de persona Just, Felix,
Término indicativo de función/relación editor.
700 1# - ENTRADA AGREGADA--NOMBRE PERSONAL
Nombre de persona Thatcher, Tom,
Fechas asociadas al nombre 1967-
Término indicativo de función/relación editor.
910 ## - DATOS DE OPCIÓN DEL USUARIO (OCLC)
Datos de opción del usuario dbm
-- ncf
-- ncf
-- 20171214
942 ## - ELEMENTOS DE ENTRADA SECUNDARIOS (KOHA)
Fuente del sistema de clasificación o colocación Clasificación Decimal Dewey
Tipo de ítem Koha
949 ## - PROCESAMIENTO DE INFORMACIÓN LOCAL (OCLC)
a 226.5067 J6
w DEWEY
c 1
i 77623
l CATALOGING
m BUL
p 51.50
r 0
s Y
t BOOK
u 2017-12-14
x POSGRADO
-- P85
0 DONACION
o .STAFF. Colección Teología.
994 ## -
-- C0
-- PEPRU
999 ## - NÚMEROS DE CONTROL DE SISTEMA (KOHA)
-- DEWEY
-- 77623
-- 2021-11-9
-- 4
-- CCODEBUL1
-- BUL
-- 51.50
-- 1
-- 0
-- Y
-- BOOK
-- 2017-12-14
-- TEOLOGIA
-- P85
-- COMPRA
-- .STAFF. Colección Teología.
980 ## - EQUIVALENCIA O REFERENCIA-CRUZADA-MENCIÓN DE SERIE--NOMBRE DE PERSONA/TÍTULO [LOCAL, CANADÁ]
ID del último usuario que modificó el registro 1
Nombre del último usuario que modificó el registro ALBERTO SANCHEZ Responsable de Automatización
Existencias
Visto por última vez Número de inventario Total de préstamos Signatura topográfica completa Código de barras Copia número Coste, precio de reemplazo Fecha de reemplazo Facultad Tipo de ítem Koha Nota pública Estado de pérdida Fuente del sistema de clasificación o colocación Restricciones de uso No para préstamo Colección Programa académico Biblioteca de origen Biblioteca actual Ubicación en estantería Fecha de adquisición Fuente de adquisición Coste, precio normal de compra
2025-12-02 5   226.5067 J6 77623 e1 56.50 2017-12-14   Libros físicos inventario-2023-12-13 No Perdido Clasificación Decimal Dewey No restringido Disponible para préstamos Colección General Maestría en teología Biblioteca CRAI UPeU Lima Biblioteca CRAI UPeU Lima Sala principal 2017-12-14 COMPRA 51.50